000 00316 a2200109 4500
001 ART_31287
005 20260410161840.0
008 260409a
245 1 0 _aConsolidación y compensación de deuda pública
100 1 _aSandoval, Omar
773 0 _tRAP
_g- Año 36, Nº 425 (feb. 2014)
_wREV5941
999 _c24024
_d24024